Что такое религиозные учения?

Dades bibliogràfiques
Autor principal: Чжан Чжиган
Sumari:Книга на китайском языке.
Idioma:xinès
Publicat: Пекин, Изд-во Пекинского ун-та, 2002
Col·lecció:Гуманитарные и общественные науки
Matèries:
Format: MixedMaterials Llibre
KOHA link:https://koha.lib.tpu.ru/cgi-bin/koha/opac-detail.pl?biblionumber=117529

MARC

LEADER 00000nam0a2200000 4500
001 117529
005 20231031123818.0
010 |a 7301056648 
035 |a (RuTPU)RU\TPU\book\127219 
035 |a RU\TPU\book\127214 
090 |a 117529 
100 |a 20070604d2002 km y0rusy50 ea 
101 0 |a chi 
102 |a CN 
105 |a a z 000zy 
200 1 |a Что такое религиозные учения?  |f Чжан Чжиган 
210 |a Пекин  |c Изд-во Пекинского ун-та  |d 2002 
215 |a 308 с.  |c ил. 
225 1 |a Гуманитарные и общественные науки 
300 |a Книга на китайском языке. 
610 1 |a религия 
610 1 |a ислам 
610 1 |a буддизм 
610 1 |a христианство 
610 1 |a индуизм 
610 1 |a сектантство 
610 1 |a история 
686 |a Э3  |v LBC/SL-A  |2 rubbk 
700 0 |a Чжан Чжиган 
801 1 |a RU  |b 63413507  |c 20070604  |g PSBO 
801 2 |a RU  |b 63413507  |c 20220530  |g PSBO 
942 |c BK